00653 2200217 4500001002100000005001700021008004100038035002400079082001000103090001700113100002100130245012100151250001100272260005100283300001900334650003100353850001500384980001500399985000600414999001500420YOGYA-0209000002588020090227024004.0 ind  0010-020900000025880 a332.1 a332.1bSim E aSIMORANGKIR, O.P aEtik dan moral perbankanb(sekelumit usaha mentrapkan Pancasila dalam dunia perbankan di IndonesiacO.P. Simorangkir aCet. 1 aJakartabAkademi Ilmu Perbankan perbanasc1978 a119 hlmc21 cm aBank dan perbankan - Etika aYOPDYOG(B) a16-12-2006 a1 a06A0016544